000 00452cam a22001337a 4500
008 180718b1967 xxu||||| |||| 00| 0 eng d
082 _aR1 Am35in
100 _aShearer, John C.
245 _aIntra and international movements and high level human resources
_cby John C. Shearer
260 _aBloomington
_bAmerican Society for Public Administration
_c1967
300 _a49p.
650 _aManpower
700 _aAmerican Society for Public Administration
999 _c478048
_d478048